Modern religious movements in India (Record no. 145805)

MARC details
000 -LEADER
fixed length control field 00374nam a2200145Ia 4500
008 - FIXED-LENGTH DATA ELEMENTS--GENERAL INFORMATION
fixed length control field 230917s9999||||xx |||||||||||||| ||und||
040 ## - CATALOGING SOURCE
-- 49319
Original cataloging agency VIVEKANANDA LIBRARY
041 ## - Language
-- English
082 ## - DDC NUMBER
Classification number 954.03 F239M
100 ## - MAIN ENTRY--PERSONAL NAME
Personal name Farquhar, J N
245 #0 - TITLE STATEMENT
Title Modern religious movements in India
260 ## - PUBLICATION, DISTRIBUTION, ETC. (IMPRINT)
Place of publication, distribution, etc New Delhi
Name of publisher, distributor, etc Munshiram Manoharlal
Date of publication, distribution, etc 1977
300 ## - PHYSICAL DESCRIPTION
Pages xiv, 471 p.
942 ## - ADDED ENTRY ELEMENTS (KOHA)
Koha item type Books
Holdings
Withdrawn status Lost status Damaged status Not for loan Location (home branch) Sublocation or collection (holding branch) Date acquired Koha issues (times borrowed) Koha full call number Accession No. Koha date last seen Koha item type
        VIVEKANANDA LIBRARY VIVEKANANDA LIBRARY 06/11/2008   954.03 F239M 260037 17/09/2023 Books
        VIVEKANANDA LIBRARY VIVEKANANDA LIBRARY 06/11/2008   954.03 F239M 38962 17/09/2023 Books
        VIVEKANANDA LIBRARY VIVEKANANDA LIBRARY 06/11/2008   954.03 F239M 42557 17/09/2023 Books
        VIVEKANANDA LIBRARY VIVEKANANDA LIBRARY 06/11/2008   954.03 F239M 42558 17/09/2023 Books
        VIVEKANANDA LIBRARY VIVEKANANDA LIBRARY 06/11/2008   954.03 F239M 42559 17/09/2023 Books
© Designed and Maintained by Vivekananda Library, MDU Rohtak